Statistics for March Madness Men's 2023 Teams

Click here to take the quiz!

General Stats

  • This quiz has been taken 1,226 times
    (1,131 since last reset)
  • The average score is 38 of 64

Answer Stats

HintAnswer% Correct
1Kansas
91%
1Purdue
90%
1Alabama
89%
2Texas
88%
5Duke
83%
2Arizona
82%
1Houston
82%
2UCLA
80%
3Gonzaga
78%
4UConn
77%
7Michigan St
76%
5Saint Mary's
74%
4Virginia
74%
3Kansas St
73%
6Kentucky
73%
5San Diego St
73%
4Tennessee
73%
5Miami
72%
3Baylor
71%
9FAU
70%
2Marquette
70%
15Princeton
70%
8Iowa
69%
7Texas A&M
67%
8Arkansas
66%
6Creighton
65%
4Indiana
64%
10USC
63%
8Maryland
62%
11Arizona State / Nevada
61%
13Furman
61%
9Illinois
60%
11Mississippi St. / Pitt
60%
10Penn State
60%
9Auburn
58%
8Memphis
58%
6TCU
57%
6Iowa State
56%
16Texas Southern / Fairleigh Dickinson
56%
9West Virginia
56%
7Missouri
55%
11North Carolina St
51%
11Providence
51%
12Oral Roberts
50%
10Utah St
50%
7Northwestern
48%
12Charleston
46%
12Drake
45%
12VCU
45%
15Vermont
45%
10Boise St.
43%
15Colgate
42%
13Iona
42%
16Texas A&M CC / SEMO
42%
16Howard
38%
14Kennesaw St
38%
14Montana St
38%
13Louisiana
37%
14GCU
36%
14UCSB
36%
13Kent State
32%
16N. Kentucky
31%
15UNC Ashville
24%
3Xaiver
15%

Score Distribution

Percentile by Number Answered

Percent of People with Each Score

Your Score History

You have not taken this quiz since the last reset